000 01099ny a22002653n 4500
005 20240305165319.0
008 030203s2007 sp 001 0 spa c
020 _a9788484940456
035 _a1666
040 _aSpMaUCDE
_dvLex
080 _a061.231:336.2(460)
090 _c641
_d641
100 _aÁlvarez Arroyo, Francisco
245 1 0 _aRégimen fiscal de los colegios profesionales
_h[Recurso electrónico]
_cFrancisco âAlvarez Arroyo
256 _aServicio en línea
260 _aMadrid :
_bEDERSA,
_c2007
300 _ap. ;
_ccm.
506 1 _aContenido solo disponible en los productos indicados
_dvLex Global
_dvLex Global (Academic Edition, excluding Law Schools)
_dvLex Global (U.S. Academic Edition, Law Schools)
_dvLex Global (U.S. Academic Edition, excluding Law Schools)
_dvLex Global (Academic Edition, Law Schools)
650 0 7 _aTributario
_2Tesauro vLex
650 0 7 _aDerecho tributario
_2Tesauro vLex
650 0 7 _aColegios profesionales
_2Tesauro vLex
740 0 _avLex Libros (Servicios en línea)
856 4 0 _uhttps://app.vlex.com/#/sources/1666
942 _cRAA
999 _c159162
_d159162